000 00562nam a2200241 a 4500
001 nice12345678
003 IN_TiNIC
005 20260116012007.0
008 050524s1953 dela grp 000 0 urd
020 _a
_c3
082 0 0 _a891.41
_bMAL1
100 _aMalsiyani, Arsh
245 _aChang-O-Aahang
260 _aDelhi
_bMarkaz-E-Tasneef-O-Taleef
_c1953
300 _a240p
500 _aincludes index and biblioraphy
505 2 _aIndex
650 _aUrdu-Poetry
700 1 _aMalsiyani, Arsh
902 _bSRS
942 _cBK
999 _c5199
_d5199